Premier League Teams 21/22 - Statistics

General Stats
  • This quiz has been taken 24 times
  • The average score is 16 of 20
Answer Stats
Hint Answer % Correct
Gunners Arsenal
100%
Wolves Wolverhampton
95%
Blues Chelsea
89%
Liver Birds Liverpool
89%
Spurs Tottenham
89%
Hornets Watford
89%
Gulls Brighton
84%
Clarets Burnley
84%
Toffees Everton
84%
Lions Aston Villa
79%
Foxes Leicester
79%
Sky Blues Man City
74%
Saints Southampton
74%
Irons West Ham
74%
Bees Brentford
68%
Eagles Crystal Palace
68%
Canaries Norwich
68%
Red Devils Man United
68%
Magpies Newcastle
68%
Peacocks Leeds
58%
No matching quizzes found
Score Distribution
Percent of People with Each Score
Percentile by Number Answered
Your Score History
You have not taken this quiz